| 000 | 00451nam a2200097Ia 4500 | ||
|---|---|---|---|
| 008 | 160725s9999 xx 000 0 und d | ||
| 100 | _aGermano, Dennis Prince Y. | ||
| 245 | 2 | _aA policy paper on revitalizing the Philippine coconut industry to gain competitive advantage for the benefit of the primary stakeholders and the economy. | |
| 260 |
_bKaizen Research Journal College of Business Administration _cJanuary 2014 |
||
| 650 | _aBUSINESS ADMINISTRATION | ||
| 999 |
_c297996 _d297996 |
||